000 00391nam a2200121Ia 4500
008 220615s9999||||xx |||||||||||||| ||und||
245 0 _aProducts and Applications of Biopolymers
546 _aEnglish[eng]
650 _aPolymer chemistry
700 _aJohannes Reinhard Verbeek, Casparus
856 _uhttps://mts.intechopen.com/storage/books/1332/authors_book/authors_book.pdf
942 _cEB
999 _c10046
_d10046